Overall Best Countries Ranking - Statistics

General Stats
  • This quiz has been taken 91 times
  • The average score is 21 of 25
Answer Stats
Ranking Answer % Correct
2 Canada
97%
4 Germany
97%
7 United States
94%
12 France
93%
3 Japan
93%
10 Norway
93%
17 Italy
92%
19 Spain
92%
8 Sweden
92%
14 FInland
90%
6 United Kingdom
90%
13 Denmark
86%
20 South Korea
86%
1 Switzerland
86%
5 Australia
83%
9 Netherlands
83%
18 Austria
82%
15 China
82%
11 New Zealand
82%
24 Portugal
82%
23 Russia
72%
16 Singapore
69%
25 India
64%
21 Luxembourg
61%
22 United Arab Emirates
51%
No matching quizzes found
Score Distribution
Percent of People with Each Score
Percentile by Number Answered
Your Score History
You have not taken this quiz